Estudio de pre factibilidad para instalación de una planta procesadora y comercializadora de almuerzos empacados al vacío en el municipio de Managua en el periodo 2018-2022

Se desarrollaron los estudios: mercado, técnico, organizacional, legal y financiero mediante los cuales se determinan los recursos óptimos para la elaboración de la bebida y la rentabilidad de este proyecto. Mediante la segmentación del estudio de mercado se determinó la cantidad de consumidore...

Full description

Bibliographic Details
Main Authors: Gómez Pichardo, Raquel Isabel, Palacio Christopher Alexander, Martínez Contreras José Luis
Other Authors: Tutor: Silvestri Jirón, Pietro Marcelo
Format: Tesis Section = Libro
Language:Undetermined
Spanish
Published: Managua UNI 2019
Subjects:
LEADER 01703nam a2200277Ia 4500
008 240830s9999 xx 000 0 und d
040 |a BIBLIOTECA-RUPAP Mon 658.11 G633 
041 |a spa 
082 |a Mon 658.11 G633 
100 1 |a Gómez Pichardo, Raquel Isabel 
100 1 |b Palacio Christopher Alexander 
100 1 |c Martínez Contreras José Luis 
245 1 0 |a Estudio de pre factibilidad para instalación de una planta procesadora y comercializadora de almuerzos empacados al vacío en el municipio de Managua en el periodo 2018-2022 
260 |a Managua  |b UNI  |c 2019 
300 |a 162 p. :il. 
500 |a Contiene: anexos y CD. 
502 |a Tesis (Ingeniero Industrial)- UNI, 2019. 
520 3 |a Se desarrollaron los estudios: mercado, técnico, organizacional, legal y financiero mediante los cuales se determinan los recursos óptimos para la elaboración de la bebida y la rentabilidad de este proyecto. Mediante la segmentación del estudio de mercado se determinó la cantidad de consumidores otenciales la cual oscila en un promedio de hasta 332,173 personas, dichos consumidores residen en el casco urbano del municipio de Managua y se encuentran entre las edades de 20-59 años, representando un estrato de la población económicamente activa (PEA), también se fijó el precio de venta en C  |  70.00 utilizando el canal de minoristas para llegar a los consumidores. 
650 7 |a EMPRESAS- PROYECTOS 
650 7 |b ESTUDIO DE FACTIBILIDAD 
650 7 |c PLANTA PROCESADORA Y COMERCIALIZADORA DE ALMUERZO – INSTALACION 
650 7 |d ALIMENTOS- CONSERVACION 
700 1 |a Tutor:  |b Silvestri Jirón, Pietro Marcelo 
942 |c BK  |2 ddc 
991 |a TESIS 
999 |c 16916